000 01102nam a2200229 a 4500
001 000963476
003 AM-YeHGA
005 20250617150019.0
008 130518s1902 ru r 000 0 rus d
040 _aAM-YeHGA
041 0 _arus
245 0 0 _aКнига для чтения по истории средних веков, составленная кружком преподавателей /
_cПод ред. проф. П.Г. Виноградова.
250 _a2-е изд.
260 _aМосква :
_bТипо-литогр. Т-ва Кушнерев и К°,
_c1902-.
300 _aВып. ;
_c24 см.
504 _aБиблиогр. в примеч. в начале каждой главы
505 1 0 _gВып. 3 (1902, [4], 583 c.)
_gВып. 4 и последний (1903, [4], 496 c.: 4 вкл. л. ил.)
650 1 4 _aИстория
_xСредние века
_vХрестоматии
653 0 _aСредние века - История - Хрестоматии
700 1 _aВиноградов, Павел Гаврилович
_d1854-1925
_eред.
_4edt
090 _c324512
999 _c322769
_d322769